[Event "Moscow op-E"]
[Site "Moscow"]
[Date "2011.02.03"]
[Round "6.210"]
[White "Belskiy, Artem"]
[Black "Tsukanov, Boris F"]
[Result "0-1"]
[WhiteElo "1618"]
[BlackElo "2008"]
[PlyCount "70"]
[EventDate "2011.01.29"]
[EventType "swiss"]
[EventRounds "9"]
[EventCountry "RUS"]
[SourceTitle "EXT 2022"]
[Source "ChessBase"]
[SourceDate "2021.10.06"]
[SourceVersion "1"]
[SourceVersionDate "2021.10.06"]
[SourceQuality "1"]

1. d4 d6 2. c4 c6 3. Nc3 Qc7 4. e4 e5 5. d5 Be7 6. f4 exf4 7. Bxf4 Nd7 8. Nf3 f6 9. Qd2 g5 10. Be3 h6 11. Be2 Nf8 12. Nd4 h5 13. 0-0-0 Bd7 14. Kb1 0-0-0 15. Rc1 c5 16. Ndb5 Qa5 17. Qc2 a6 18. Na3 Ng6 19. Bd2 Ne5 20. Ka1 h4 21. Na4 Qxa4 22. Qc3 Qb4 23. Qe3 Qb6 24. b4 Nh6 25. h3 f5 26. Rb1 f4 27. Qc3 Bf6 28. bxc5 Qxc5 29. Qb3 Nxc4+ 30. Bc3 Bxc3+ 31. Qxc3 Nxa3 32. Qb3 Nc2+ 33. Kb2 Nd4 34. Qd1 Nxe2 35. Qxe2 Qb5+ 0-1

[Event "Moscow op-E"]
[Site "Moscow"]
[Date "2011.02.02"]
[Round "5.210"]
[White "Tsukanov, Boris F"]
[Black "Akhuba, Anton"]
[Result "1/2-1/2"]
[WhiteElo "2008"]
[BlackElo "1787"]
[PlyCount "50"]
[EventDate "2011.01.29"]
[EventType "swiss"]
[EventRounds "9"]
[EventCountry "RUS"]
[SourceTitle "EXT 2022"]
[Source "ChessBase"]
[SourceDate "2021.10.06"]
[SourceVersion "1"]
[SourceVersionDate "2021.10.06"]
[SourceQuality "1"]

1. e4 c5 2. d4 cxd4 3. c3 d3 4. c4 Nf6 5. Nc3 d6 6. Bxd3 a6 7. Bg5 e6 8. Nf3 Nbd7 9. 0-0 b6 10. Nd4 Bb7 11. f4 Be7 12. Qe2 Qc7 13. b4 0-0 14. Rf3 Rfe8 15. Rh3 e5 16. Bxf6 Bxf6 17. fxe5 Bxe5 18. Qf2 Bf6 19. Nd5 Bxd5 20. exd5 h6 21. Rc1 a5 22. Nb5 Qb8 23. a3 axb4 24. axb4 Ra4 25. Rb1 Be5 1/2-1/2

[Event "Moscow op-E"]
[Site "Moscow"]
[Date "2011.01.29"]
[Round "1.62"]
[White "Tsukanov, Boris F"]
[Black "Shvedchikov, Anatoli I"]
[Result "0-1"]
[WhiteElo "2008"]
[BlackElo "2435"]
[PlyCount "89"]
[EventDate "2011.01.29"]
[EventType "swiss"]
[EventRounds "9"]
[EventCountry "RUS"]
[SourceTitle "EXT 2022"]
[Source "ChessBase"]
[SourceDate "2021.10.06"]
[SourceVersion "1"]
[SourceVersionDate "2021.10.06"]
[SourceQuality "1"]

1. e4 c5 2. d4 cxd4 3. c3 dxc3 4. Nxc3 Nc6 5. Nf3 g6 6. Bc4 Bg7 7. e5 f6 8. exf6 Nxf6 9. 0-0 Na5 10. Bd3 0-0 11. Bg5 d6 12. b4 Nc6 13. Qb3+ Kh8 14. h3 Bd7 15. Rad1 Rc8 16. Rfe1 a6 17. Ne4 Be8 18. Bc4 Qc7 19. Be6 Bd7 20. Bxf6 Bxf6 21. Neg5 Nd8 22. Rc1 Qxc1 23. Rxc1 Rxc1+ 24. Kh2 Rc3 25. Qd5 Nxe6 26. Nxe6 Bxe6 27. Qxe6 Kg7 28. Qe4 b5 29. g3 Ra3 30. Nd4 Bxd4 31. Qxd4+ Rf6 32. f4 Rxa2+ 33. Kg1 Rc2 34. Qe4 Rc7 35. g4 h6 36. h4 h5 37. gxh5 gxh5 38. f5 e6 39. fxe6 Re7 40. Qd5 Rexe6 41. Qxh5 Re5 42. Qd1 Re4 43. Qh5 Rxb4 44. Kh2 Rg6 45. Kh3 0-1

[Event "Moscow op-B 04th"]
[Site "Moscow"]
[Date "2008.02.08"]
[Round "7"]
[White "Radomsky, Viacheslav G"]
[Black "Tsukanov, Boris F"]
[Result "1-0"]
[WhiteElo "2176"]
[BlackElo "2019"]
[PlyCount "61"]
[EventDate "2008.02.02"]
[EventType "swiss"]
[EventRounds "9"]
[EventCountry "RUS"]
[SourceTitle "CBM 122 Extra"]
[Source "ChessBase"]
[SourceDate "2008.03.04"]
[SourceVersion "1"]
[SourceVersionDate "2008.03.04"]
[SourceQuality "1"]

1. c4 f5 2. Nc3 Nf6 3. g3 e6 4. Bg2 d5 5. d4 c6 6. Nh3 Be7 7. b3 Ne4 8. Nxe4 fxe4 9. 0-0 0-0 10. Bb2 Bf6 11. Nf4 g5 12. Nh5 Bh8 13. f3 dxc4 14. fxe4 Rxf1+ 15. Qxf1 cxb3 16. e5 Nd7 17. axb3 Nf8 18. Qf2 Bd7 19. Rf1 Qe8 20. Nf6+ Bxf6 21. exf6 Qf7 22. e4 b6 23. e5 Ng6 24. Bc1 g4 25. Bh6 Nh8 26. Be4 Qh5 27. Qd2 Nf7 28. Bf4 h6 29. Qc2 Ng5 30. Bg6 Qh3 31. Bh7+ 1-0

[Event "Moscow op-B 04th"]
[Site "Moscow"]
[Date "2008.02.07"]
[Round "6"]
[White "Antonov, Alexandr"]
[Black "Tsukanov, Boris F"]
[Result "0-1"]
[WhiteElo "2309"]
[BlackElo "2019"]
[PlyCount "97"]
[EventDate "2008.02.02"]
[EventType "swiss"]
[EventRounds "9"]
[EventCountry "RUS"]
[SourceTitle "CBM 122 Extra"]
[Source "ChessBase"]
[SourceDate "2008.03.04"]
[SourceVersion "1"]
[SourceVersionDate "2008.03.04"]
[SourceQuality "1"]

1. e4 e5 2. Nf3 Nc6 3. Bb5 a6 4. Ba4 Nf6 5. Qe2 b5 6. Bb3 Be7 7. 0-0 d6 8. h3 Na5 9. Nc3 Nxb3 10. axb3 Bd7 11. d3 c6 12. Bd2 0-0 13. Nd1 c5 14. b4 Qc7 15. bxc5 dxc5 16. Bg5 a5 17. Ne3 Be6 18. Nd2 h6 19. Bxf6 Bxf6 20. Nd5 Bxd5 21. exd5 a4 22. Ne4 Be7 23. Rfe1 f6 24. c4 b4 25. Qd1 Qd7 26. Nd2 Ra7 27. Qg4 f5 28. Qe2 Bf6 29. Rab1 Rfa8 30. Nf3 Re8 31. d4 e4 32. dxc5 Qe7 33. d6 exf3 34. Qxe7 Bxe7 35. Rxe7 Rexe7 36. dxe7 Kf7 37. gxf3 Kxe7 38. Rd1 a3 39. bxa3 bxa3 40. Kf1 a2 41. Ra1 Kd7 42. Ke2 Kc6 43. Kd3 Kxc5 44. Kc3 g5 45. Kb3 h5 46. Kb2 g4 47. fxg4 fxg4 48. hxg4 hxg4 49. Kb3 0-1

[Event "Moscow op-B 04th"]
[Site "Moscow"]
[Date "2008.02.06"]
[Round "5"]
[White "Tsukanov, Boris F"]
[Black "Lanin, Boris Aleksandrovic"]
[Result "0-1"]
[WhiteElo "2019"]
[BlackElo "2154"]
[PlyCount "50"]
[EventDate "2008.02.02"]
[EventType "swiss"]
[EventRounds "9"]
[EventCountry "RUS"]
[SourceTitle "CBM 122 Extra"]
[Source "ChessBase"]
[SourceDate "2008.03.04"]
[SourceVersion "1"]
[SourceVersionDate "2008.03.04"]
[SourceQuality "1"]

1. e4 g6 2. Bc4 Bg7 3. c3 c6 4. d4 d5 5. Bd3 dxe4 6. Bxe4 e5 7. Qe2 f5 8. Bc2 Qe7 9. dxe5 Qxe5 10. Be3 Nf6 11. Nd2 0-0 12. Bb3+ Nd5 13. 0-0-0 Kh8 14. Ndf3 Qc7 15. Bc5 Rd8 16. Ng5 h6 17. N1h3 hxg5 18. Nxg5 Bf6 19. h4 Na6 20. Bd4 Kg7 21. h5 Qf4+ 22. Be3 Nxe3 23. h6+ Kh8 24. Rxd8+ Bxd8 25. fxe3 Qxg5 0-1